Finanzas Públicas Regionales de Colombia : (Registro nro. 12430)
[ vista simple ]
| 000 -CABECERA | |
|---|---|
| Longitud fija campo de control | 01396nam a2200205 a 4500 |
| 003 - • IDENTIFICADOR DELl NÚMERO DE CONTROL | |
| Identificador del número de control | CO-ViMGA |
| 008 - • CÓDIGOS DE INFORMACIÓN DE LONGITUD FIJA | |
| Códigos de información de longitud fija | 141112s2004 ck r 000 u spa d |
| 040 ## - FUENTE DE LA CATALOGACIÓN | |
| Centro catalogador de origen | CO-ViMGA |
| Lengua de catalogación | spa |
| Centro transcriptor | CO-ViMGA |
| 082 04 - • NÚMERO DE LA CLASIFICACIÓN DECIMAL DEWEY | |
| Número de clasificación (R) | 336 F491 |
| 110 ## - • PUNTO DE ACCESO PRINCIPAL-NOMBRE DE ENTIDAD CORPORATIVA | |
| Nombre de entidad corporativa o nombre de jurisdicción como elemento inicial | Banco de la República |
| 245 10 - • TITULO PROPIAMENTE DICHO | |
| Título | Finanzas Públicas Regionales de Colombia : |
| Resto del título | 1980 - 1987 |
| 300 ## - • DESCRIPCIÓN FÍSICA | |
| Extensión | 624p. |
| 490 ## - • MENCIÓN DE SERIE | |
| Mención de serie | Colección Bibliografica, Banco de la República, Historia y Teoria Economica |
| 505 ## - • NOTA DE CONTENIDO CON FORMATO | |
| Nota de contenido con formato | Las finanzas departamentales y municipales en el contexto del sector público de Colombia : Una reseña histórica 21 - - El federalismo fiscal : Consideraciones teóricas básicas 33 - - El marco general de las medidas recientes de descentralización en Colombia 45 - - La tributación departamental y municipal : Aspectos legales 51 - - La ley 12, las transferencias del IVA y el fortalecimiento de los fiscos municipales 67 - - El situado fiscal 79 - - Importancia relativa de las finanzas regionales en el contexto del sector colombiano 83 - - Estructura y dinámica del consolidado regional en el periodo 1980 - 1987 93 - - Finanzas departamentales 113 - - Finanzas Municipales 121 - - Unidad estadística, fuentes de información y metodología 140 |
| 590 ## - NOTAS LOCALES | |
| Nota local | Ejemplares : 2 |
| 650 14 - • PUNTO DE ACCESO ADICIONAL DE MATERIA - TÉRMINO DE MATERIA | |
| Término de materia o nombre geográfico como elemento inicial | HACIENDA PUBLICA - COLOMBIA - 1980 - 1987 |
| 942 ## - ENTRADA DE ELEMENTOS AGREGADOS (KOHA) | |
| Fuente de clasificaión o esquema | Dewey Decimal Classification |
| Koha [por defecto] tipo de item | LIbro |
| Perdido | Fuente de clasificación o esquema | Estado Físico | No para préstamo | Forma de adquisición | Localización permanente | Localización actual | Fecha adquisición | Serie de enumeración / cronolog&íacute;a | Préstamos totales | Signatura completa | Código de barras | Fecha última consulta | Número de copia | Fecha del precio de reemplazo | Tipo de item de Koha |
|---|---|---|---|---|---|---|---|---|---|---|---|---|---|---|---|
| Dewey Decimal Classification | Sala Especializada Tercer Piso | Biblioteca Pública Germán Arciniegas - Villavicencio | Biblioteca Pública Germán Arciniegas - Villavicencio | 12/04/2015 | 11/jun/2009 | 336 F491 | 18200 - 1 | 12/04/2015 | Ej. 1 | 12/04/2015 | LIbro | ||||
| Dewey Decimal Classification | Sala Especializada Tercer Piso | Biblioteca Pública Germán Arciniegas - Villavicencio | Biblioteca Pública Germán Arciniegas - Villavicencio | 12/04/2015 | 16/oct/2013 | 336 F491 | 18200 - 2 | 12/04/2015 | Ej. 2 | 12/04/2015 | LIbro |